Asesinar al rey (Record no. 184722)

MARC details
000 -LEADER
campo de control de longitud fija 00772nam a2200229 i 4500
001 - NÚMERO DE CONTROL
campo de control 184722
003 - IDENTIFICADOR DE NÚMERO DE CONTROL
campo de control ES-MaACL
005 - FECHA Y HORA DE LA ÚLTIMA TRANSACCIÓN
campo de control 20250804063443.0
008 - DATOS DE LONGITUD FIJA--INFORMACIÓN GENERAL
campo de control de longitud fija 151118s2013 sp |||| | spa d
020 ## - NÚMERO INTERNACIONAL ESTÁNDAR DEL LIBRO
Número Internacional Estándar del Libro 978-84-941635-3-1
080 ## - NÚMERO DE LA CLASIFICACIÓN DECIMAL UNIVERSAL
Número de la Clasificación Decimal Universal 821.134.2-31"19"
100 1# - ENTRADA PRINCIPAL--NOMBRE DE PERSONA
Nombre de persona Martínez Llamas, Antonio,
Fechas asociadas al nombre 1952-
9 (RLIN) 158175
245 10 - MENCIÓN DEL TÍTULO
Título Asesinar al rey
Resto del título : el llanto de los dátiles en el Sáhara Occidental /
Mención de responsabilidad, etc. Antonio Martínez Llamas.
260 ## - PUBLICACIÓN, DISTRIBUCIÓN, ETC.
Lugar de publicación, distribución, etc. León :
Nombre del editor, distribuidor, etc. Lobo Sapiens,
Fecha de publicación, distribución, etc. 2013.
300 ## - DESCRIPCIÓN FÍSICA
Extensión 512 p. ;
Dimensiones 24 cm.
490 1# - MENCIÓN DE SERIE
Mención de serie Narravida
651 #4 - PUNTO DE ACCESO ADICIONAL DE MATERIA--NOMBRE GEOGRÁFICO
Nombre geográfico Sahara Occidental-
Subdivisión general Historia-
Subdivisión cronológica 1884-1975-
Subdivisión de forma Novelas.
9 (RLIN) 158176
830 0# - PUNTO DE ACCESO ADICIONAL DE SERIE-TÍTULO UNIFORME
Título uniforme Narravida
9 (RLIN) 225120
852 ## - LOCALIZACIÓN
Ubicación ES-MaACL
Número de control de estantería A-13625
itemnumber 191733
Sublocalización o colección R.150868
Ubicación en estantería Depósito 1
Signatura antigua Olim: N-6625
942 ## - ELEMENTOS DE ENTRADA SECUNDARIOS (KOHA)
Fuente del sistema de clasificación o colocación Clasificación decimal universal
Holdings
Estatus retirado Estado de pérdida Fuente del sistema de clasificación o colocación Estado de daño No para préstamo Biblioteca de origen Biblioteca actual Ubicación en estantería Fecha de adquisición Fuente de adquisición Total de préstamos Signatura topográfica completa Código de barras Visto por última vez Precio de reemplazo Tipo de ítem Koha
    Clasificación decimal universal     Biblioteca del Ateneo de Madrid Biblioteca del Ateneo de Madrid Depósito 1 18/11/2015 Donación   A-13625 1194502 23/02/2023 23/02/2023 Libro impreso